| 000 | 01133cam a22003014a 4500 | ||
|---|---|---|---|
| 001 | 13144185 | ||
| 003 | OSt | ||
| 005 | 20160910153618.0 | ||
| 008 | 030401s2003 dcu b i001 0 eng | ||
| 010 | _a 2003050061 | ||
| 020 | _a0-8213-5434-5 | ||
| 040 |
_aDLC _cDLC _dDLC |
||
| 042 | _apcc | ||
| 043 | _ad------ | ||
| 050 | 0 | 0 |
_aHG195 _b.T39 2003 |
| 082 | 0 | 0 |
_aDC 336.2783321 _22003 _bH76t |
| 245 | 0 | 0 |
_aTaxation of financial intermediation : _btheory and practice for emerging economies / _cedited by Patrick Honohan. |
| 260 |
_aWashington, DC : _bWorld Bank, _cc2003. |
||
| 300 |
_axiv, 443 pages ; _c23 cm. |
||
| 500 | _a"A co-publication of the World Bank and Oxford University Press." | ||
| 504 | _aIncludes bibliographical references and index. | ||
| 650 | 0 |
_aFinancial services industry _xTaxation _zDeveloping countries. |
|
| 700 | 1 |
_aHonohan, Patrick. _eeditor |
|
| 906 |
_a7 _bcbc _corignew _d1 _eocip _f20 _gy-gencatlg |
||
| 942 |
_2ddc _cDC |
||
| 999 |
_c4474 _d4474 |
||